Gaming Quiz

Random Gaming Quiz

Team Fortress 2 Weapons and Unlocks Quiz Stats

 Plays Quiz not verified by Sporcle

Score 0/122 Timer 20:00
0 Plays Today
% Correct
Bat
84.1%
Scattergun
82.9%
Sandman
82.9%
Rocket Launcher
82.4%
Shotgun
82.4%
Shotgun
82.4%
Shotgun
82.4%
Shotgun
82.4%
Pistol
81.2%
Pistol
81.2%
Bonk! Atomic Punch
79.6%
Force-A-Nature
78.4%
Flamethrower
77.6%
Sentry Gun
77.1%
Minigun
76.7%
Shovel
75.9%
Eyelander
75.9%
Teleporter Entrance
75.5%
Teleporter Exit
75.5%
Knife
75.1%
Direct Hit
74.7%
Fire Axe
74.7%
Sniper Rifle
74.7%
Grenade Launcher
73.9%
Dispenser
73.9%
Natascha
73.5%
Medigun
73.5%
Mad Milk
73.1%
Fists
72.7%
Bonesaw
72.7%
Shortstop
72.2%
Black Box
71.8%
Backburner
71.8%
Flare Gun
71.8%
Wrench
71.8%
Equalizer
71.4%
Sandvich
71.4%
Jarate
71.4%
Crit-a-Cola
70.6%
Holy Mackerel
70.2%
Revolver
69.8%
% Correct
Bottle
69.4%
Syringe Gun
69%
Degreaser
68.6%
Combat Mini-Sentry Gun
68.6%
Buff Banner
68.2%
Huntsman
68.2%
K.G.B.
67.8%
Kukri
67.8%
Ubersaw
67.3%
Sticky Bomb Launcher
66.9%
Ambassador
66.9%
G.R.U.
66.5%
Axtinguisher
65.7%
Submachine Gun
65.7%
Pain Train
65.3%
Pain Train
65.3%
Chargin' Targe
64.5%
Invisibility Watch
64.5%
Dead Ringer
64.5%
Wrangler
64.1%
Southern Hospitality
64.1%
Sydney Sleeper
64.1%
Your Eternal Reward
64.1%
Scottish Resistance
63.7%
Frontier Justice
63.7%
Jag
63.7%
Powerjack
63.3%
Loch-n-Load
63.3%
Kritzkrieg
63.3%
Razorback
63.3%
Cloak and Dagger
63.3%
Boston Basher
62.9%
Vita-Saw
62.9%
Candy Cane
62.4%
Crusader's Crossbow
62.4%
Brass Beast
62%
Blutsauger
61.6%
Darwin's Danger Shield
61.6%
Electro Sapper
61.2%
Lugermorph
60.4%
Back Scratcher
60.4%
% Correct
Lugermorph
60.4%
Tribalman's Shiv
60.4%
Rocket Jumper
60%
Homewrecker
60%
Buffalo Steak Sandvich
60%
Gunboats
59.6%
Dalokohs Bar
59.6%
Battalion's Backup
59.2%
Fists of Steel
59.2%
Amputator
59.2%
Iron Curtain
58.8%
Gunslinger
58.8%
Sticky Jumper
57.6%
Frying Pan
57.1%
Frying Pan
57.1%
Bushwacka
56.7%
Disguise Kit
55.5%
L'Etranger
54.7%
Build Tool
53.1%
Scotsman's Skullcutter
52.2%
Warrior's Spirit
52.2%
Demolish Tool
51%
Golden Wrench
50.6%
Big Kill
50.6%
Ullapool Caber
49.8%
Claidheamh Mor
43.7%
Enthusiast's Timepiece
43.3%
Horseless Headless Horsemann's Headtaker
35.1%
Home Run
32.7%
Fencing
31%
Kamikaze
29.4%
Spinal Tap
25.3%
Oktoberfest
22.9%
Organ Grinder
21.2%
Amputator
19.6%
Hadouken
14.3%
Showdown
12.7%
Decapitation
12.2%
Dischord
12.2%
Skewer
9.4%

You're not logged in!

Compare scores with friends on all Sporcle quizzes.
OR
Log In

Show Comments

Extras

Top Quizzes Today


Score Distribution

Your Account Isn't Verified!

In order to create a playlist on Sporcle, you need to verify the email address you used during registration. Go to your Sporcle Settings to finish the process.

Report this User

Report this user for behavior that violates our Community Guidelines.

Details: